LEADER 00917nam a2200229 4500 001 000000345110 003 CaOOAMICUS 005 20210329105041.0 008 210329s2017 it 000 u ita r 040 $aSeMil$bita 245 00$aVocabolario cristiano /$c[testi a cura di mons. Erminio Villa]. 264 1$a[S.l. :$bs.n.],$c[2017] 300 $a53 p. ;$c21 cm 490 1 $aI quaderni del Sacro Monte di Varese 700 1 $aVilla, Erminio,$c.$0(OLS)http://semarc/name/93188 830 2$aI quaderni del Sacro Monte di Varese.$0(OLS)http://semarc/title/427396 850 $aSeMil 852 $aSeMil$W1$xVenegono$y1$m5B III 55/13$j225257$B236181$CSeMilBibl$Z2$F236181 $81 961 $aSistema Bobliotecario Valle dei Mulini - Omaggio 996 $6245$aVocabolario cristiano$9(OLS)http://semarc/title/434224 996 $6264$a[S.l. :$bs.n.]$9(OLS)http://semarc/publisher/29751 LEADER 01202nam a2200265 i 4500 001 000000105005 003 CaOOAMICUS 005 20240423110342.0 008 070823s1971 it u000 u ita u 040 $aSeMil$bita 100 1 $aWhitman, Walt <1819-1892>.$0(OLS)http://semarc/name/31295 240 10$aLeaves of grass.$0(OLS)http://semarc/title/448407 245 10$aFoglie d'erba /$cWalt Whitman ; poesie scelte e tradotte da Enzo Giachino ; cronologia della vita dell'Autore e del suo tempo, antologia critica e bibliografia a cura di Anna Luisa Zazo. 264 1$a[Milano] :$bMondadori,$c1971. 300 $a291 p. ;$c19 cm. 490 1 $aGli Oscar Mondadori. Poesia ;$vL45 700 1 $aZazo, Anna Luisa,$d<1950- >.$0(OLS)http://semarc/name/44326 700 1 $aGiachino, Enzo,$d<1905-1991>.$0(OLS)http://semarc/name/17406 830 0$aOscar poesia ;$vL45.$0(OLS)http://semarc/title/2778 850 $aSeMil 852 $aSeMil$W1$xVenegono$y1$m1W I 656$j247759$B61298$CSeMilBibl$Z2$F70593 $81 961 $aRecupero: Altro 996 $6245$aFoglie d'erba$9(OLS)http://semarc/title/96808 996 $6264$a[Milano] :$bMondadori$9(OLS)http://semarc/publisher/29662